| 000 | 00752 a2200217 4500 | ||
|---|---|---|---|
| 010 | _aENG-85948 | ||
| 020 |
_a8120332096 _c150.00 |
||
| 035 | _aEN-69481 | ||
| 037 | _bD.B.Act / Pub | ||
| 082 | 1 | 4 | _a658.81 |
| 090 |
_c3855 _d3855 |
||
| 100 | 1 | _aLivesay, John | |
| 245 | 1 |
_aThe 7 most powerful selling secrets _cby John Livesay edited by Rom Kraft _bsoar your way to sucess with integrity, passion and joy |
|
| 260 |
_aNew Delhi _bPrentice Hall of India _c2007 |
||
| 270 |
_aM-97, Cannaught Circus _bNew Delhi _e110 001 |
||
| 300 |
_axiii, 115 p. _b22 cm. (Pbk.) |
||
| 500 | _aIncludes index | ||
| 700 | 1 | _aKraft, Ron | |
| 942 |
_adpl _cEN _k658.81 / LIV |
||
| 999 |
_c3777 _d3777 |
||